00377 a2200133 4500020001500000040001300015100002000028245006100048250001200109260004500121300001600166650003600182700002500218 a156592116X aDLCbDLC10aSatir, Gregory.10aC++ : the core languagec/ Gregory Satir and Doug Brown. a1st ed.0 aSebastopol, Calif.b: O'Reillyc, c1995. axix, 207 p. 0aC++ (Computer program language)10aBrown, Dougd, 1952-